000 01746cam a2200385Li 4500
001 ocn758288813
003 TZ-ArACH
005 20150420182434.0
008 100924t20102010fr f pb 000 0 fre d
016 7 _aFRBNF42273686000000X
_2FrPBN
020 _a9782297013758 (br)
020 _a2297013752 (br)
035 _a(OCoLC)758288813
040 _aZWZ
_encafnor
_bfre
_cTZ-ArACH
_dBDF
_dFRBML
_dU9S
041 _aFre
049 _aTZAA
050 4 _aKJV3721
_b.B73
082 0 4 _a347
_222
100 1 _aBranlard, Jean-Paul.
_eAuteur.
_916179
245 1 2 _aEssentiel de l'organisation judiciaire en France
_h[Texte imprimé] /
_cJean-Paul Branlard.
250 _a3e édition.
260 _aParis :
_bGualino :
_bLextenso éditions,
_cDL 2010.
300 _a171 p. ;
_c17 cm.
490 1 _aLes carrés. Droit science politique
504 _aBibliogr. p. [169]-171.
650 7 _aJustice
_xAdministration
_zFrance
_xManuels d'enseignement supérieur.
_2ram
_916180
650 4 _aJustice
_xAdministration
_zFrance
_xManuels d'enseignement supérieur.
_916181
650 6 _aJustice
_xAdministration
_zFrance.
_916182
776 0 _tL'essentiel de l'organisation judiciaire en France [Ressource électronique] / Jean-Paul Branlard
_b3e édition
_dBayeux : Numilog, [2010?]. (Les @carrés)
_w(ABES)148926525
830 4 _aLes Carrés (Paris. 1996)
_916183
856 4 2 _3Notice et cote du catalogue de la Bibliothèque nationale de France
_uhttp://catalogue.bnf.fr/ark:/12148/cb42273686g
942 _2lcc
_cBOOK
999 _c2818
_d2818